[Event "BL 8586 Zähringen-Koblenz"]
[Site "?"]
[Date "1986.??.??"]
[Round "?.7"]
[White "Bayer, E."]
[Black "Schuh, H."]
[Result "1/2-1/2"]
[WhiteElo "2285"]
[BlackElo "2300"]
[PlyCount "96"]
[EventDate "1986.??.??"]

1. d4 Nf6 2. c4 g6 3. g3 Bg7 4. Bg2 O-O 5. Nf3 d6 6. O-O Nc6 7. Nc3 a6 8. h3
Rb8 9. e4 b5 10. e5 dxe5 11. dxe5 Qxd1 12. Rxd1 Nd7 13. e6 fxe6 14. cxb5 axb5
15. Bf4 e5 16. Be3 Nb6 17. Bxb6 cxb6 18. Nxb5 Ba6 19. Nc3 Nd4 20. Ng5 h6 21.
Bd5+ Kh8 22. Ne6 Nxe6 23. Bxe6 e4 24. Bd5 Bd3 25. Bxe4 Bxc3 26. Rxd3 Bxb2 27.
Rb1 Be5 28. Bxg6 Bd6 29. Be4 Bc5 30. Rb2 Rbd8 31. Rxd8 Rxd8 32. Kg2 Kg7 33. f4
Rd1 34. Re2 Bb4 35. g4 Rd2 36. Rxd2 Bxd2 37. Kf3 h5 38. g5 e5 39. fxe5 Bxg5 40.
Bf5 Be7 41. Ke4 Kf7 42. Kd5 h4 43. a4 Bg5 44. Kd6 Be3 45. a5 bxa5 46. e6+ Kf6
47. e7 Bc5+ 48. Kxc5 Kxe7 1/2-1/2

[Event "BL 8586 Heidelberg-Zähringen"]
[Site "?"]
[Date "1986.??.??"]
[Round "?.2"]
[White "Steinbacher, M."]
[Black "Herbrechtsmeier, C."]
[Result "1/2-1/2"]
[WhiteElo "2290"]
[BlackElo "2330"]
[PlyCount "102"]
[EventDate "1986.??.??"]

1. e4 e5 2. Nf3 Nc6 3. Bb5 a6 4. Ba4 Nf6 5. O-O Be7 6. Nc3 b5 7. Bb3 Bb7 8. d4
d6 9. dxe5 dxe5 10. Qe2 Nd7 11. Rd1 O-O 12. Be3 Qe8 13. Nd5 Bd8 14. a4 Na5 15.
Ba2 c6 16. Nb4 Rc8 17. axb5 axb5 18. Qd3 Nb8 19. Bc5 Be7 20. Bxe7 Qxe7 21. Qd6
Qxd6 22. Rxd6 c5 23. Nd5 Nac6 24. Rd1 c4 25. Nxe5 Rfe8 26. Nxc6 Nxc6 27. f3 Ne5
28. Kf2 Kf8 29. Ke3 f5 30. h3 Nf7 31. Rb6 Ba8 32. c3 fxe4 33. fxe4 Rc6 34. Rxc6
Bxc6 35. Kd4 Ng5 36. Rf1+ Kg8 37. Bb1 Ne6+ 38. Ke5 Nf8+ 39. Kd6 Re6+ 40. Kc5
Nd7+ 41. Kd4 g6 42. g4 Kg7 43. h4 h6 44. Bc2 Re8 45. g5 hxg5 46. hxg5 Re5 47.
Nb4 Bb7 48. Ra1 Rxg5 49. Ra7 Nc5 50. e5 Ne6+ 51. Ke3 Rxe5+ 1/2-1/2

[Event "BL 8586 Heidelberg-Zähringen"]
[Site "?"]
[Date "1986.??.??"]
[Round "?.3"]
[White "Kiefer, G."]
[Black "Mack, P."]
[Result "1-0"]
[WhiteElo "2220"]
[BlackElo "2280"]
[PlyCount "45"]
[EventDate "1986.??.??"]

1. e4 e6 2. d4 d5 3. Nc3 Bb4 4. e5 Qd7 5. Qg4 f5 6. Qg3 b6 7. Nh3 Ba6 8. Nf4
Bxf1 9. Kxf1 Kf7 10. Ncxd5 Bf8 11. Nxc7 Qxc7 12. Qb3 Qc6 13. c4 Qe4 14. d5 Qxe5
15. Nxe6 Nd7 16. Bf4 Qf6 17. Ng5+ Kg6 18. h4 h5 19. Re1 Nc5 20. Qg3 Qxb2 21.
Ne6+ Kf7 22. Be5 Qd2 23. Ng5+ 1-0

[Event "BL 8586 Koblenz-Sindelfingen"]
[Site "?"]
[Date "1986.??.??"]
[Round "?.1"]
[White "Darga, K."]
[Black "Gutman, L."]
[Result "1-0"]
[WhiteElo "2470"]
[BlackElo "2485"]
[PlyCount "71"]
[EventDate "1986.??.??"]

1. Nf3 Nf6 2. c4 g6 3. b3 Bg7 4. Bb2 O-O 5. e3 c6 6. Be2 a5 7. Nc3 d5 8. O-O
Nbd7 9. d4 Nb6 10. Ne5 Ne8 11. c5 f6 12. Nxc6 bxc6 13. cxb6 Qxb6 14. Na4 Qc7
15. Rc1 f5 16. Qc2 Rf6 17. Qc5 Ba6 18. Rfe1 Bxe2 19. Rxe2 Rb8 20. Qc3 g5 21.
Nc5 Rd8 22. Qd3 Ra8 23. Rec2 Rh6 24. g3 Qc8 25. Qf1 Nf6 26. Nd3 Nd7 27. Qg2 Qa6
28. Rxc6 Rxc6 29. Qxd5+ Re6 30. Qxd7 Rd6 31. Qxf5 Rf6 32. Qe4 a4 33. Rc7 axb3
34. Qxe7 Rg6 35. d5 Qxa2 36. Bxg7 1-0

[Event "BL 8586 Koblenz-Sindelfingen"]
[Site "?"]
[Date "1986.??.??"]
[Round "?.2"]
[White "Wolf, V."]
[Black "Fahnenschmidt, G."]
[Result "1/2-1/2"]
[WhiteElo "2315"]
[BlackElo "2335"]
[PlyCount "126"]
[EventDate "1986.??.??"]

1. e4 c5 2. Nc3 e6 3. Nf3 d6 4. d4 cxd4 5. Nxd4 Nc6 6. Be2 Nf6 7. O-O Be7 8.
Kh1 O-O 9. f4 a6 10. Nxc6 bxc6 11. Bd3 e5 12. fxe5 dxe5 13. Qe2 Bg4 14. Qf2 Be6
15. Qg3 Nd7 16. Na4 Kh8 17. Be3 Bh4 18. Qf3 Bg5 19. Bg1 Qc7 20. b3 Be7 21. Rad1
a5 22. Qe2 Rab8 23. c3 Kg8 24. Bc4 Bxc4 25. Qxc4 Nf6 26. Nc5 Bxc5 27. Bxc5 Rfd8
28. Rxd8+ Rxd8 29. a4 Qd7 30. Bb6 Ra8 31. Kg1 Qb7 32. Bc5 Qd7 33. h3 Qd2 34.
Bb6 Qd7 35. Kh2 h6 36. Rf3 Qb7 37. Bc5 Qa6 38. Qxa6 Rxa6 39. Re3 Nd7 40. Be7 f6
41. Rd3 Ra7 42. Ba3 Kf7 43. Rd6 c5 44. c4 Rb7 45. Rd3 Ke6 46. Bc1 h5 47. Bd2
Ra7 48. Rd5 g6 49. g4 hxg4 50. hxg4 Rb7 51. Rd3 Nb8 52. Be3 Na6 53. Kg2 Nb4 54.
Rd8 Nc6 55. Re8+ Kf7 56. Rc8 Nd4 57. Rxc5 Rxb3 58. Bxd4 exd4 59. g5 fxg5 60.
Rxg5 Rb4 61. Rxa5 Rxc4 62. Kf3 d3 63. Rd5 Rxa4 1/2-1/2

[Event "BL 8586 Koblenz-Sindelfingen"]
[Site "?"]
[Date "1986.??.??"]
[Round "?.5"]
[White "Ullrich, F."]
[Black "Weidemann, J."]
[Result "1/2-1/2"]
[WhiteElo "2285"]
[BlackElo "2265"]
[PlyCount "164"]
[EventDate "1986.??.??"]

1. d4 d6 2. g3 e5 3. Bg2 c6 4. e4 Nf6 5. Nc3 g6 6. Nge2 Bg7 7. O-O O-O 8. h3
Re8 9. Be3 Nbd7 10. dxe5 dxe5 11. Nc1 Qc7 12. Nd3 b6 13. Re1 Nf8 14. f4 Nh5 15.
Qf3 exf4 16. gxf4 Bb7 17. e5 Re7 18. a4 f6 19. a5 Rb8 20. axb6 axb6 21. Qf2 Nd7
22. f5 fxe5 23. fxg6 hxg6 24. Be4 Re6 25. Ra7 Rf6 26. Qg2 Nf4 27. Qg4 Nf8 28.
Nb4 Qd6 29. Na6 Bc8 30. Rd1 Bxg4 31. Rxd6 Nxh3+ 32. Kh2 Rc8 33. Rxf6 Bxf6 34.
Nb4 Ng5 35. Bxc6 e4 36. Nxe4 Be5+ 37. Kg1 Nh3+ 38. Kf1 Ne6 39. c3 Rf8+ 40. Ke1
Nhf4 41. Bxb6 Nd8 42. Ba8 Kh8 43. Nf2 Bf5 44. Bc5 Rg8 45. Nd5 Nde6 46. Ba3 Rd8
47. Nxf4 Nxf4 48. Bf3 Ne6 49. Ra8 Bb8 50. Be7 Re8 51. Bf6+ Kh7 52. Kf1 Nc7 53.
Ra4 Kg8 54. Rh4 Kf7 55. Bg5 Ne6 56. Bd5 Kg7 57. Be3 Be5 58. Ne4 g5 59. Nxg5 Bg3
60. Nxe6+ Bxe6 61. Bd4+ Kg6 62. Be4+ Kg5 63. Rh7 Bg8 64. Be3+ Kg4 65. Rg7+ Kh4
66. Kg2 Rxe4 67. Bg5+ Kh5 68. Rxg8 Be5 69. Bd8 Bd6 70. Kf3 Rc4 71. Bb6 Ba3 72.
Be3 Bxb2 73. Rg5+ Kh4 74. Rb5 Rxc3 75. Rxb2 Kh3 76. Rb1 Rc2 77. Rb5 Rc4 78. Bd2
Rg4 79. Be1 Rg3+ 80. Kf2 Rg6 81. Rb4 Rf6+ 82. Kg1 Rf4 1/2-1/2

[Event "BL 8586 Porz-Kreuzberg"]
[Site "?"]
[Date "1986.??.??"]
[Round "?.3"]
[White "Lehmann, K."]
[Black "Goehring, K."]
[Result "1/2-1/2"]
[WhiteElo "2225"]
[BlackElo "2355"]
[PlyCount "41"]
[EventDate "1986.??.??"]

1. e4 e5 2. Nf3 Nc6 3. Bb5 a6 4. Bxc6 dxc6 5. O-O Qd6 6. d3 f6 7. Be3 c5 8.
Nfd2 Be6 9. Nc4 Qd7 10. Nbd2 b6 11. f4 exf4 12. Bxf4 Ne7 13. Qf3 Nc6 14. Ne3
Nd4 15. Qf2 Be7 16. c3 Nc6 17. Nd5 Bxd5 18. exd5 Qxd5 19. Bxc7 b5 20. Qg3 O-O
21. a4 1/2-1/2

[Event "BL 8586 Porz-Kreuzberg"]
[Site "?"]
[Date "1986.??.??"]
[Round "?.5"]
[White "Grzesik, T."]
[Black "Gerusel, M."]
[Result "0-1"]
[WhiteElo "2335"]
[BlackElo "2390"]
[PlyCount "74"]
[EventDate "1986.??.??"]

1. e4 c5 2. Nf3 d6 3. d3 g6 4. g3 Bg7 5. Bg2 e5 6. O-O Ne7 7. c3 Nbc6 8. Nh4
O-O 9. f4 exf4 10. gxf4 f5 11. Nd2 Be6 12. Ndf3 Kh8 13. Ng5 Bg8 14. exf5 gxf5
15. Re1 Rf6 16. Qf3 d5 17. Bd2 c4 18. dxc4 Qb6+ 19. Qe3 Qxb2 20. Reb1 d4 21.
Qe1 Qa3 22. Rxb7 Rh6 23. Rxe7 Qxe7 24. Qxe7 Nxe7 25. Bxa8 Rxh4 26. Rc1 dxc3 27.
Bxc3 Rxf4 28. Bd2 Rxc4 29. Re1 Bf6 30. Ne6 Ra4 31. Kh1 Rxa2 32. Bg5 Bxg5 33.
Nxg5 Ng6 34. Re8 Ra1+ 35. Kg2 Kg7 36. Ne6+ Bxe6 37. Rxe6 Nf4+ 0-1

[Event "BL 8586 Wuppertal-Zehlendorf"]
[Site "?"]
[Date "1986.??.??"]
[Round "?.2"]
[White "Schneider, B1."]
[Black "Davies, N."]
[Result "1/2-1/2"]
[WhiteElo "2290"]
[BlackElo "2350"]
[PlyCount "39"]
[EventDate "1986.??.??"]

1. d4 g6 2. e4 Bg7 3. Nc3 d6 4. Be3 a6 5. a4 Nc6 6. d5 Na7 7. Be2 c5 8. h4 h5
9. Nf3 Bd7 10. Qd2 Qc7 11. Ng5 Rb8 12. O-O b5 13. axb5 axb5 14. b4 cxb4 15.
Rxa7 Qxc3 16. Rb1 Nh6 17. Rxb4 Ng4 18. Qxc3 Bxc3 19. Rb3 b4 20. Nxf7 1/2-1/2

[Event "BL 8586 Wuppertal-Zehlendorf"]
[Site "?"]
[Date "1986.??.??"]
[Round "?.3"]
[White "Riedel, W."]
[Black "Meyer, P."]
[Result "0-1"]
[WhiteElo "2310"]
[BlackElo "2280"]
[PlyCount "70"]
[EventDate "1986.??.??"]

1. d4 Nf6 2. c4 e6 3. Nf3 d5 4. Nc3 Be7 5. Bg5 h6 6. Bxf6 Bxf6 7. Qd2 dxc4 8.
e3 c5 9. dxc5 Qxd2+ 10. Nxd2 Bxc3 11. bxc3 Na6 12. Ne4 f5 13. Nd6+ Ke7 14. Nxc4
Nxc5 15. Ne5 Rd8 16. Be2 Bd7 17. O-O Ba4 18. f4 Rac8 19. Bf3 b6 20. g4 Nd3 21.
Ng6+ Kf6 22. Nh4 Rxc3 23. gxf5 exf5 24. Bg2 Nc5 25. Rf3 Bd1 26. Rf1 Be2 27.
Rfe1 Rxe3 28. Bf1 Rde8 29. Ng2 R3e4 30. Rac1 Bxf1 31. Rxf1 Re2 32. a3 Ra2 33.
Rf3 Ree2 34. Rg3 Ne4 35. Rc6+ Kf7 0-1

[Event "BL 8586 Wuppertal-Zehlendorf"]
[Site "?"]
[Date "1986.??.??"]
[Round "?.4"]
[White "Ingenerf, S."]
[Black "Dankert, P."]
[Result "1-0"]
[WhiteElo "2270"]
[BlackElo "2305"]
[PlyCount "94"]
[EventDate "1986.??.??"]

1. c4 Nf6 2. Nc3 e5 3. Nf3 d6 4. d4 Nbd7 5. e3 Be7 6. Bd3 c6 7. O-O O-O 8. Rb1
Qc7 9. b4 a6 10. Qc2 Re8 11. h3 Bf8 12. d5 g6 13. e4 c5 14. a3 b6 15. Kh2 Nh5
16. g3 Kh8 17. Ng1 Ndf6 18. bxc5 bxc5 19. Nce2 Ng8 20. g4 Ng7 21. f4 f6 22. f5
gxf5 23. exf5 Bd7 24. Ng3 Reb8 25. Bd2 Ne8 26. N1e2 Bh6 27. Ne4 Qd8 28. N2g3
Qe7 29. Rxb8 Rxb8 30. Bxh6 Nxh6 31. Rb1 Qd8 32. Rxb8 Qxb8 33. Nh5 Qd8 34. Qb2
Bc8 35. Qb8 Ng8 36. Kg2 Qd7 37. Bc2 h6 38. Kf3 Kh7 39. Ke2 Kh8 40. Nc3 Ng7 41.
Nxg7 Kxg7 42. Ne4 h5 43. Nxd6 Ne7 44. Qb6 hxg4 45. hxg4 Ng6 46. Qxc5 Nf4+ 47.
Kd2 Bb7 1-0

[Event "BL 8586 Kreuzberg-Wuppertal"]
[Site "?"]
[Date "1986.??.??"]
[Round "?.1"]
[White "Dresen, U."]
[Black "Berg, K."]
[Result "1-0"]
[WhiteElo "2305"]
[BlackElo "2350"]
[PlyCount "107"]
[EventDate "1986.??.??"]

1. Nf3 Nf6 2. d4 c5 3. c3 e6 4. Bf4 b6 5. e3 Bb7 6. Nbd2 Be7 7. h3 O-O 8. Bd3
d6 9. O-O Nc6 10. Qb1 Rc8 11. Bh2 h6 12. Rc1 cxd4 13. exd4 a6 14. a4 Re8 15.
Re1 Nb8 16. Qd1 Nbd7 17. Qe2 Ra8 18. Nc4 Qb8 19. Nfd2 Bf8 20. f3 Qc7 21. Ne4
Nxe4 22. fxe4 e5 23. d5 Nc5 24. a5 b5 25. Nb6 Rad8 26. Bc2 Nd7 27. Nxd7 Rxd7
28. Kh1 Be7 29. Bg1 Rc8 30. Bb6 Qb8 31. Qg4 Rdd8 32. Bxd8 Rxd8 33. Bd3 Qc7 34.
Rec1 Bg5 35. Rc2 Be3 36. b4 Qe7 37. Rf1 g6 38. c4 bxc4 39. Rxc4 Kg7 40. Qe2 Bd4
41. Qc2 Rd7 42. Qe2 h5 43. Rc2 Qh4 44. b5 axb5 45. Bxb5 Re7 46. a6 Ba8 47. Rc8
Ra7 48. Qf3 f6 49. Bc6 Bxc6 50. Rxc6 Bc5 51. Rb1 Qg5 52. Qb3 Rf7 53. Rxc5 dxc5
54. Qb8 1-0

[Event "BL 8586 Kreuzberg-Wuppertal"]
[Site "?"]
[Date "1986.??.??"]
[Round "?.2"]
[White "King, D."]
[Black "Schneider, B1."]
[Result "1-0"]
[WhiteElo "2435"]
[BlackElo "2290"]
[PlyCount "135"]
[EventDate "1986.??.??"]

1. e4 g6 2. d4 Bg7 3. c3 c6 4. Bd3 d5 5. Nd2 Nh6 6. Ngf3 O-O 7. O-O f6 8. Nb3
Nf7 9. exd5 cxd5 10. c4 e6 11. Re1 Nc6 12. Bd2 Nd6 13. cxd5 exd5 14. Rc1 Re8
15. Nc5 Rxe1+ 16. Qxe1 Qe8 17. Qxe8+ Nxe8 18. Bc2 g5 19. Ba4 g4 20. Ne1 Nxd4
21. Bxe8 Ne2+ 22. Kf1 Nxc1 23. Bxc1 Bf8 24. Ncd3 Be6 25. Ba4 d4 26. a3 Bd6 27.
g3 Bc4 28. Ke2 Kf7 29. Kd1 b5 30. Bc2 Re8 31. Nf4 Bxf4 32. Bxf4 h5 33. Nd3 Bd5
34. Kd2 Bf3 35. Nc1 a6 36. Bd3 Ke6 37. Na2 f5 38. Nb4 Bb7 39. Bf1 Kf6 40. Nd3
Bd5 41. Bc7 Bc4 42. Bb6 f4 43. gxf4 Kf5 44. Bg2 h4 45. Bc6 Rg8 46. Bc7 g3 47.
fxg3 hxg3 48. hxg3 Rxg3 49. Nf2 Rb3 50. Be4+ Ke6 51. Nd1 Rh3 52. f5+ Kf6 53.
Nf2 Rh6 54. Bd6 Rh4 55. Bg3 Rh7 56. Nd3 Kg5 57. Bf4+ Kg4 58. f6 Rh8 59. Ne5+
Kxf4 60. Ng6+ Kxe4 61. Nxh8 d3 62. f7 Bxf7 63. Nxf7 Kd4 64. Nd6 Kc5 65. Ne4+
Kc4 66. Nf2 Kb3 67. Nxd3 a5 68. Kc1 1-0

[Event "BL 8586 Kreuzberg-Wuppertal"]
[Site "?"]
[Date "1986.??.??"]
[Round "?.3"]
[White "Meyer, P."]
[Black "Lehmann, K."]
[Result "0-1"]
[WhiteElo "2280"]
[BlackElo "2225"]
[PlyCount "74"]
[EventDate "1986.??.??"]

1. d4 d5 2. c4 dxc4 3. e4 e5 4. Nf3 exd4 5. Bxc4 Bb4+ 6. Nbd2 Nc6 7. a3 Bxd2+
8. Bxd2 Qe7 9. Qb3 Nf6 10. O-O O-O 11. Rfe1 Nd7 12. Bd5 Nde5 13. Nxe5 Nxe5 14.
Rac1 a5 15. Qg3 c6 16. Ba2 Re8 17. f4 Ng6 18. f5 Ne5 19. Rf1 Kh8 20. Rf4 c5 21.
Rh4 Ra6 22. Qh3 h6 23. Rf1 Kh7 24. g4 c4 25. g5 Qc5 26. Kh1 b5 27. Qg3 Bb7 28.
f6 Ng6 29. fxg7 Nxh4 30. Rxf7 Bxe4+ 31. Kg1 Bg6 32. Rc7 Nf3+ 33. Kf2 Nxd2 34.
g8=Q+ Kxg8 35. Rxc5 Ne4+ 36. Kg2 Nxg3 37. hxg3 Re2+ 0-1

[Event "BL 8586 Zehlendorf-Porz"]
[Site "?"]
[Date "1986.??.??"]
[Round "?.1"]
[White "Miles, A."]
[Black "Pritchett, C."]
[Result "1/2-1/2"]
[WhiteElo "2560"]
[BlackElo "2395"]
[PlyCount "115"]
[EventDate "1986.??.??"]

1. d4 Nf6 2. c4 e6 3. Nf3 Bb4+ 4. Nbd2 b6 5. a3 Bxd2+ 6. Qxd2 O-O 7. e3 d6 8.
b4 a5 9. Bb2 axb4 10. axb4 Rxa1+ 11. Bxa1 Bb7 12. Be2 Nbd7 13. O-O Qe7 14. Bb2
Ra8 15. Qc2 h6 16. Nd2 e5 17. d5 c5 18. dxc6 Bxc6 19. Ra1 Qd8 20. Qb1 Qb8 21.
Bf1 Rxa1 22. Qxa1 Qa8 23. Qxa8+ Bxa8 24. f3 Kf8 25. e4 Ke7 26. Nb1 Nb8 27. Kf2
Nc6 28. Bc3 Ne8 29. Na3 Nc7 30. Nc2 Kd8 31. Ne3 Ne7 32. Bd3 Bc6 33. Bc2 Kd7 34.
g3 f6 35. f4 exf4 36. gxf4 b5 37. Bb2 bxc4 38. Nxc4 Bxe4 39. Bxe4 d5 40. Nb6+
Kc6 41. Nxd5 Ncxd5 42. Bd4 Kb5 43. Bc5 Kc4 44. f5 Nc6 45. Bxd5+ Kxd5 46. Bf8 h5
47. Kg3 Nd4 48. Kh4 Nxf5+ 49. Kxh5 g5 50. h3 Ng3+ 51. Kg4 Ne4 52. b5 Nf2+ 53.
Kg3 Ne4+ 54. Kf3 f5 55. Ke3 Nd6 56. Bxd6 Kxd6 57. Kd4 Kc7 58. Ke5 1/2-1/2

[Event "BL 8586 Zehlendorf-Porz"]
[Site "?"]
[Date "1986.??.??"]
[Round "?.4"]
[White "Dankert, P."]
[Black "Gruen, G."]
[Result "0-1"]
[WhiteElo "2305"]
[BlackElo "2410"]
[PlyCount "106"]
[EventDate "1986.??.??"]

1. d4 Nf6 2. c4 e6 3. Nf3 b6 4. a3 d5 5. Nc3 Be7 6. cxd5 exd5 7. g3 O-O 8. Bg2
Bb7 9. O-O c5 10. Ne5 Na6 11. Bf4 Ne4 12. Bxe4 dxe4 13. d5 Bf6 14. Nc6 Qd7 15.
Nxe4 Bxb2 16. Ra2 Bxc6 17. dxc6 Qxc6 18. Qc2 Bf6 19. Bd6 Rfe8 20. Nxf6+ gxf6
21. Bf4 Nc7 22. Rd1 Rad8 23. Bxc7 Qxc7 24. Rd3 Rxd3 25. Qxd3 Rd8 26. Qf3 Qe5
27. Rc2 Rd1+ 28. Kg2 f5 29. Qa8+ Kg7 30. f3 Qe3 31. Kh3 Rh1 32. f4 Qg1 33. Qg2
Qxg2+ 34. Kxg2 Ra1 35. Rc3 Kf6 36. h3 Ke6 37. Re3+ Kd6 38. g4 fxg4 39. hxg4 c4
40. Kf3 Rb1 41. Re8 Kd7 42. Re4 b5 43. Rd4+ Ke7 44. Rd5 a6 45. Ke4 Ra1 46. Ke5
f6+ 47. Kf5 c3 48. Rc5 Rxa3 49. e4 b4 50. e5 fxe5 51. fxe5 Ra1 52. Rc7+ Kd8 53.
Rc4 b3 0-1

[Event "BL 8586 Zehlendorf-Porz"]
[Site "?"]
[Date "1986.??.??"]
[Round "?.5"]
[White "Gerusel, M."]
[Black "Lieb, H."]
[Result "1-0"]
[WhiteElo "2390"]
[BlackElo "2275"]
[PlyCount "69"]
[EventDate "1986.??.??"]

1. d4 Nf6 2. c4 e6 3. Nc3 d5 4. Bg5 c6 5. e3 Nbd7 6. cxd5 exd5 7. Nf3 Be7 8.
Bd3 O-O 9. Qc2 Re8 10. O-O a5 11. a3 Nf8 12. Rab1 Nh5 13. Bxe7 Qxe7 14. Na4 Qd8
15. b4 axb4 16. axb4 Re6 17. b5 Rh6 18. bxc6 bxc6 19. Nb6 Rb8 20. Nxc8 Rxc8 21.
Bf5 Rc7 22. g4 g6 23. g5 Ng7 24. Bg4 Rh4 25. h3 h5 26. Nxh4 hxg4 27. Qe2 Qxg5
28. Qxg4 Qe7 29. Rfc1 f5 30. Qg3 Nh5 31. Qe5 Qg5+ 32. Ng2 Qd8 33. Rb6 Re7 34.
Qb8 Qd7 35. Rbxc6 1-0

[Event "BL 8586 Zehlendorf-Porz"]
[Site "?"]
[Date "1986.??.??"]
[Round "?.7"]
[White "Gawehns, K."]
[Black "Rahls, P."]
[Result "1-0"]
[WhiteElo "2335"]
[BlackElo "2250"]
[PlyCount "66"]
[EventDate "1986.??.??"]

1. b3 c5 2. Bb2 Nc6 3. Nf3 d6 4. c4 e5 5. Nc3 g6 6. g3 Bg7 7. d3 Nh6 8. Bg2 O-O
9. O-O Bg4 10. h3 Bxf3 11. Bxf3 f5 12. e3 f4 13. Kh2 fxg3+ 14. fxg3 Nf5 15. Qe2
Qg5 16. Bd5+ Kh8 17. Rf3 Qe7 18. Raf1 e4 19. Bxe4 Ne5 20. Rf4 Qg5 21. Bxf5 gxf5
22. e4 fxe4 23. Rxf8+ Rxf8 24. Rxf8+ Bxf8 25. Nxe4 Qf5 26. Nxc5 b6 27. Bxe5+
dxe5 28. Ne4 Bc5 29. Kg2 Kg7 30. Qf3 Qe6 31. Ng5 Qg6 32. Qb7+ Kh6 33. Nf7+ Kh5
1-0

[Event "BL 8586 Erlangen-HSK"]
[Site "?"]
[Date "1986.??.??"]
[Round "?.2"]
[White "Huenerkopf, H."]
[Black "Chandler, M."]
[Result "0-1"]
[WhiteElo "2320"]
[BlackElo "2525"]
[PlyCount "34"]
[EventDate "1986.??.??"]

1. e4 c5 2. b4 cxb4 3. c4 e5 4. Bb2 Nc6 5. Nf3 d6 6. d4 exd4 7. Nxd4 Nf6 8. Nd2
Be7 9. Qa4 Bd7 10. Nxc6 Bxc6 11. Qxb4 d5 12. Bxf6 gxf6 13. c5 a5 14. Qc3 dxe4
15. Rd1 Qd5 16. Qg3 Qxc5 17. Qg7 O-O-O 0-1

[Event "BL 8586 Erlangen-HSK"]
[Site "?"]
[Date "1986.??.??"]
[Round "?.3"]
[White "Reefschlaeger, H."]
[Black "Heidrich, M."]
[Result "0-1"]
[WhiteElo "2395"]
[BlackElo "2260"]
[PlyCount "102"]
[EventDate "1986.??.??"]

1. d4 f5 2. e4 fxe4 3. Nc3 Nf6 4. Bg5 Nc6 5. d5 Ne5 6. Qd4 Nf7 7. Bxf6 gxf6 8.
Qxe4 c6 9. O-O-O Qc7 10. g3 Qe5 11. Qd3 d6 12. f4 Qh5 13. dxc6 bxc6 14. Qc4 Bd7
15. Bg2 Rc8 16. Nf3 e5 17. Rhe1 Be7 18. Kb1 d5 19. Qa6 O-O 20. Qxa7 Rfd8 21. g4
Qxg4 22. fxe5 fxe5 23. Nxe5 Nxe5 24. Rxe5 Bd6 25. Re2 Kh8 26. Bh3 Ra8 27. Qxa8
Rxa8 28. Bxg4 Bxg4 29. Rde1 Bxe2 30. Rxe2 Kg7 31. a3 Rf8 32. a4 Bb4 33. Re6 Rf6
34. Rxf6 Kxf6 35. Ne2 Ke5 36. c3 Bd6 37. Kc2 Ke4 38. b4 Bxh2 39. a5 Bc7 40. Nd4
h5 41. Nxc6 h4 42. b5 h3 43. b6 Bf4 44. a6 h2 45. a7 h1=Q 46. Nb4 Qa1 47. Kb3
Be5 48. Na2 Qb1+ 49. Ka3 Bd6+ 50. Nb4 Bxb4+ 51. cxb4 Kd4 0-1

[Event "BL 8586 Erlangen-HSK"]
[Site "?"]
[Date "1986.??.??"]
[Round "?.4"]
[White "Roeder, G."]
[Black "Gruenberg, Ra"]
[Result "1/2-1/2"]
[WhiteElo "2315"]
[BlackElo "2270"]
[PlyCount "176"]
[EventDate "1986.??.??"]

1. e4 c5 2. c3 Nf6 3. e5 Nd5 4. d4 cxd4 5. cxd4 d6 6. Bc4 Nb6 7. Bb3 Nc6 8. Nf3
Na5 9. Ng5 Nxb3 10. Qxb3 e6 11. O-O Be7 12. Qg3 d5 13. Nf3 Kf8 14. Nc3 Bd7 15.
Rd1 h5 16. h4 Rc8 17. Rd3 Na4 18. Nxa4 Bxa4 19. Ng5 Bc2 20. Qf3 Bxg5 21. Bxg5
Qd7 22. Rc3 Be4 23. Rxc8+ Qxc8 24. Qa3+ Kg8 25. Rc1 Qd7 26. Qd6 Qa4 27. Rc8+
Kh7 28. Rxh8+ Kxh8 29. Qf8+ Kh7 30. Qxf7 Bg6 31. Qxe6 Qxd4 32. Be3 Qd1+ 33. Kh2
d4 34. Qd7 d3 35. Bg5 Qg4 36. Qxg4 hxg4 37. Kg3 Bf5 38. Bd2 Be6 39. b3 Kg6 40.
Kf4 Kf7 41. Ke4 g6 42. Kxd3 Bd5 43. g3 Ke6 44. Kd4 Bf3 45. Bf4 Kf5 46. Kc5 Ke6
47. b4 a6 48. a3 Be4 49. Kd4 Bf3 50. Bg5 Kf5 51. Bf6 Ke6 52. Kc5 Bc6 53. Bg7
Bf3 54. Kb6 Kd7 55. Bf8 Ke6 56. Bd6 Kd7 57. Bc5 Ke6 58. Bd4 Kd7 59. Bc3 Be4 60.
Bb2 Bf3 61. Bd4 Be4 62. Ba1 Bf3 63. Kc5 Ke6 64. Bc3 Bc6 65. Kd4 Kf5 66. Ke3 Bf3
67. Bd4 Bd5 68. Ba1 Bf3 69. Kd4 Ke6 70. Kc5 Kd7 71. a4 Ke6 72. Kb6 Kd7 73. Bd4
Kd8 74. Bc5 Kd7 75. Be3 Ke6 76. Bd4 Kd7 77. a5 Kd8 78. Bc5 Kd7 79. Bd6 Be4 80.
Bb8 Bf3 81. Bd6 Be4 82. Bc5 Bf3 83. Bd4 Kd8 84. Bb2 Kd7 85. Bc3 Kd8 86. Bb2 Kd7
87. Ba3 Ke6 88. Bb2 Kd7 1/2-1/2

[Event "BL 8586 Erlangen-HSK"]
[Site "?"]
[Date "1986.??.??"]
[Round "?.5"]
[White "Behrhorst, F."]
[Black "Tischer, G."]
[Result "1-0"]
[WhiteElo "2320"]
[BlackElo "2335"]
[PlyCount "58"]
[EventDate "1986.??.??"]

1. d4 Nf6 2. c4 g6 3. Nc3 Bg7 4. e4 d6 5. f3 O-O 6. Bg5 h6 7. Be3 e5 8. d5 Nh5
9. g4 Nf4 10. Nge2 f5 11. gxf5 gxf5 12. Qd2 Qh4+ 13. Bf2 Qh5 14. Nxf4 exf4 15.
O-O-O fxe4 16. Nxe4 Nd7 17. Rg1 Ne5 18. Bd4 Kh7 19. Bd3 Bf5 20. Bc2 Bh8 21.
Qxf4 Nxf3 22. Bxh8 Nxg1 23. Rxg1 Kxh8 24. Nxd6 Rf6 25. Nxf5 Raf8 26. Qxc7 Rg6
27. Rxg6 Qxg6 28. Qe5+ Qf6 29. Qxf6+ Rxf6 1-0

[Event "BL 8586 Erlangen-HSK"]
[Site "?"]
[Date "1986.??.??"]
[Round "?.6"]
[White "Autenrieth, M."]
[Black "Wegner, H."]
[Result "1-0"]
[WhiteElo "2315"]
[BlackElo "2210"]
[PlyCount "94"]
[EventDate "1986.??.??"]

1. d4 Nf6 2. g3 c5 3. d5 e6 4. c4 exd5 5. cxd5 b5 6. Bg2 d6 7. a4 b4 8. e4 Qe7
9. Nd2 Ba6 10. Ne2 g6 11. O-O Nbd7 12. Re1 Bg7 13. f4 O-O 14. h3 Rfe8 15. Qb3
Rab8 16. g4 c4 17. Qf3 c3 18. bxc3 Bxe2 19. Rxe2 Nxd5 20. Nb1 Nxc3 21. Nxc3
Bxc3 22. Bb2 Bxb2 23. Rxb2 Qf6 24. Qf2 Qc3 25. Rf1 Qc5 26. Rd1 Qxf2+ 27. Kxf2
Nc5 28. Rxd6 Nxa4 29. Ra2 Nc3 30. Rb2 Nxe4+ 31. Bxe4 Rxe4 32. Kf3 Rc4 33. Rd7
a5 34. Ra7 Rc5 35. Ke4 Rd8 36. Ra2 Rdd5 37. Rb2 Rb5 38. h4 f5+ 39. gxf5 Rxf5
40. Rd2 Rf7 41. Rd8+ Kg7 42. Raa8 b3 43. Rab8 Re7+ 44. Kd3 Reb7 45. Rg8+ Kh6
46. Rbe8 b2 47. Re1 b1=Q+ 1-0

[Event "BL 8586 Erlangen-HSK"]
[Site "?"]
[Date "1986.??.??"]
[Round "?.7"]
[White "Schulte, O."]
[Black "Roeder, F."]
[Result "0-1"]
[WhiteElo "2345"]
[BlackElo "2250"]
[PlyCount "78"]
[EventDate "1986.??.??"]

1. d4 d5 2. c4 c6 3. Nf3 Nf6 4. Qc2 g6 5. Bf4 Bf5 6. Qb3 Qb6 7. c5 Qxb3 8. axb3
Nbd7 9. Nc3 Bg7 10. e3 O-O 11. h3 h6 12. g4 Bc2 13. b4 g5 14. Bg3 a6 15. Be2
Ne4 16. Bh2 f5 17. O-O f4 18. h4 e5 19. dxe5 Nxe5 20. Nd4 Bd3 21. hxg5 Bxe2 22.
Ncxe2 f3 23. Nf4 Nxg4 24. Nde6 hxg5 25. Nh5 Nxh2 26. Kxh2 Bxb2 27. Ra2 Be5+ 28.
Kh3 Rfe8 29. Nd4 Bxd4 30. exd4 Kf7 31. Ng3 Kg6 32. Rh1 Nf6 33. Kh2 Ng4+ 34. Kh3
Rf8 35. Rb1 Rf4 36. Nf1 Rh8+ 37. Kg3 Nf6 38. Nd2 Nh5+ 39. Kh2 Ng7+ 0-1

[Event "BL 8586 Bamberg-Lasker"]
[Site "?"]
[Date "1986.??.??"]
[Round "?.1"]
[White "Wockenfuss, K."]
[Black "Pfleger, He"]
[Result "1/2-1/2"]
[WhiteElo "2370"]
[BlackElo "2490"]
[PlyCount "112"]
[EventDate "1986.??.??"]

1. e4 d6 2. d4 Nf6 3. Nc3 g6 4. g3 Bg7 5. Bg2 O-O 6. Nge2 Nbd7 7. O-O e5 8. h3
c6 9. a4 Re8 10. Be3 exd4 11. Bxd4 Qe7 12. f4 b6 13. g4 Bb7 14. Ng3 h6 15. Qd2
Rad8 16. Rfe1 a5 17. Rad1 Nc5 18. Qf2 Qf8 19. Rd2 Nh7 20. Red1 Bxd4 21. Rxd4
Qe7 22. f5 Qe5 23. Nf1 Ba6 24. Nh2 g5 25. Nf3 Qe7 26. e5 Nb7 27. R4d2 Qc7 28.
exd6 Rxd6 29. Rxd6 Nxd6 30. Qg3 Rd8 31. Qe5 Bb7 32. Qd4 c5 33. Qe5 Ne8 34. Qxc7
Rxd1+ 35. Nxd1 Nxc7 36. Ne3 Nf6 37. Nc4 Be4 38. Nxb6 Bxc2 39. Nd2 h5 40. Bf3
hxg4 41. hxg4 Na6 42. Ndc4 Nb4 43. Nxa5 Nd3 44. Nac4 Ne1 45. Be2 Be4 46. Kf2
Nc2 47. Nd6 Bc6 48. a5 Nd4 49. a6 Nxe2 50. Kxe2 Nxg4 51. a7 Kf8 52. Kd3 Ne5+
53. Ke3 Ke7 54. Ne4 Ng4+ 55. Kd3 Ne5+ 56. Ke3 Ng4+ 1/2-1/2